Ergodic theory
Αποθηκεύτηκε σε:
| Κύριος συγγραφέας: | |
|---|---|
| Άλλοι συγγραφείς: | , |
| Μορφή: | Βιβλίο |
| Γλώσσα: | English Russian |
| Δημοσίευση: |
New York :
Springer-Verlag,
c1982.
|
| Σειρά: | Grundlehren der mathematischen wissenschaften ;
245 |
| Θέματα: | |
| Ετικέτες: |
Προσθήκη ετικέτας
Δεν υπάρχουν, Καταχωρήστε ετικέτα πρώτοι!
|
MARC
| LEADER | 00000cam a2200000 i 4500 | ||
|---|---|---|---|
| 001 | 1/30739 | ||
| 008 | 941103s1982 nyu| ||| |||| ||eng|| | ||
| 020 | |a 0387905804 | ||
| 035 | |l 10038647 | ||
| 035 | |a 1995 | ||
| 035 | |a 1993 |c ΚΩΤΣΑΚΗΣ | ||
| 040 | |a GR-MyUa |b gre |e AACR2 | ||
| 041 | 1 | |a eng |h rus | |
| 082 | 7 | |a 515.42 |2 (19) | |
| 100 | 1 | |a Cornfeld, I. P. |q (Isaak Pavlovich) | |
| 245 | 1 | 0 | |a Ergodic theory / |c I.P. Cornfeld, S.V. Fomin, Ya.G. Sinai. |
| 260 | |a New York : |b Springer-Verlag, |c c1982. | ||
| 300 | |a x, 486 σ. ; |c 25 εκ. | ||
| 490 | 1 | |a (Grundlehren der mathematischen Wissenschaften ; |v 245) | |
| 504 | |a Βιβλιογραφία: σ. [475]-482. Ευρετήριο. | ||
| 650 | 0 | |a Ergodic theory. | |
| 650 | 0 | |a Differentiable dynamical systems. | |
| 700 | 1 | |a Fomin, S. V. |q (Sergei Vasilevich) | |
| 700 | 1 | |a Sinai, IA. G. |q (IAkov Grigorevich), |d 1935- | |
| 830 | 0 | |a Grundlehren der mathematischen wissenschaften ; |v 245 | |
| 852 | |a INST |b SAMOS |e 19941103 |h 515.42 COR |p 005300003645 |q 005300003645 |t BK |y 0 | ||
| 852 | |a INST |b SAMOS |e 19960528 |h 515.42 COR |p 005300005152 |q 005300005152 |t BK |y 0 | ||